<?xml version="1.0" encoding="UTF-8"?>
<record
    xmlns:xsi="http://www.w3.org/2001/XMLSchema-instance"
    xsi:schemaLocation="http://www.loc.gov/MARC21/slim http://www.loc.gov/standards/marcxml/schema/MARC21slim.xsd"
    xmlns="http://www.loc.gov/MARC21/slim">

  <leader>00320nam a2200133Ia 4500</leader>
  <controlfield tag="008">191201s2006    xx            000 0 und d</controlfield>
  <datafield tag="082" ind1=" " ind2=" ">
    <subfield code="a">658.80285</subfield>
    <subfield code="b">MIE</subfield>
  </datafield>
  <datafield tag="100" ind1=" " ind2=" ">
    <subfield code="a">MISHRA, Anuranjan</subfield>
  </datafield>
  <datafield tag="245" ind1=" " ind2="0">
    <subfield code="a">Electronic Commerce</subfield>
  </datafield>
  <datafield tag="260" ind1=" " ind2=" ">
    <subfield code="a">N.Delhi</subfield>
    <subfield code="b">Galgotia Pub. Pvt</subfield>
    <subfield code="c">2006</subfield>
  </datafield>
  <datafield tag="300" ind1=" " ind2=" ">
    <subfield code="a">285</subfield>
  </datafield>
  <datafield tag="650" ind1=" " ind2=" ">
    <subfield code="a">MBA</subfield>
  </datafield>
  <datafield tag="942" ind1=" " ind2=" ">
    <subfield code="2">ddc</subfield>
    <subfield code="c">BK</subfield>
  </datafield>
  <datafield tag="999" ind1=" " ind2=" ">
    <subfield code="c">3105</subfield>
    <subfield code="d">3105</subfield>
  </datafield>
  <datafield tag="952" ind1=" " ind2=" ">
    <subfield code="0">0</subfield>
    <subfield code="1">0</subfield>
    <subfield code="2">ddc</subfield>
    <subfield code="4">0</subfield>
    <subfield code="7">0</subfield>
    <subfield code="8">MBA</subfield>
    <subfield code="a">PIET</subfield>
    <subfield code="b">PIET</subfield>
    <subfield code="d">2007-08-23</subfield>
    <subfield code="e">J B C, New Delhi</subfield>
    <subfield code="g">175.00</subfield>
    <subfield code="k">721</subfield>
    <subfield code="l">1</subfield>
    <subfield code="o">381.142 MIE</subfield>
    <subfield code="p">7355</subfield>
    <subfield code="r">2024-03-15 00:00:00</subfield>
    <subfield code="s">2024-01-23</subfield>
    <subfield code="w">2007-07-30</subfield>
    <subfield code="y">BK</subfield>
  </datafield>
  <datafield tag="952" ind1=" " ind2=" ">
    <subfield code="0">0</subfield>
    <subfield code="1">0</subfield>
    <subfield code="2">ddc</subfield>
    <subfield code="4">0</subfield>
    <subfield code="7">0</subfield>
    <subfield code="8">MBA</subfield>
    <subfield code="a">PIET</subfield>
    <subfield code="b">PIET</subfield>
    <subfield code="d">2007-08-23</subfield>
    <subfield code="e">J B C, New Delhi</subfield>
    <subfield code="g">175.00</subfield>
    <subfield code="k">721</subfield>
    <subfield code="l">0</subfield>
    <subfield code="o">381.142 MIE</subfield>
    <subfield code="p">7356</subfield>
    <subfield code="r">2019-12-04 00:00:00</subfield>
    <subfield code="w">2007-07-30</subfield>
    <subfield code="y">BK</subfield>
  </datafield>
  <datafield tag="952" ind1=" " ind2=" ">
    <subfield code="0">0</subfield>
    <subfield code="1">0</subfield>
    <subfield code="2">ddc</subfield>
    <subfield code="4">0</subfield>
    <subfield code="7">0</subfield>
    <subfield code="8">MBA</subfield>
    <subfield code="a">PIET</subfield>
    <subfield code="b">PIET</subfield>
    <subfield code="d">2007-08-23</subfield>
    <subfield code="e">J B C, New Delhi</subfield>
    <subfield code="g">175.00</subfield>
    <subfield code="k">721</subfield>
    <subfield code="l">1</subfield>
    <subfield code="o">381.142 MIE</subfield>
    <subfield code="p">7357</subfield>
    <subfield code="r">2024-02-14 00:00:00</subfield>
    <subfield code="s">2024-02-02</subfield>
    <subfield code="w">2007-07-30</subfield>
    <subfield code="y">BK</subfield>
  </datafield>
  <datafield tag="952" ind1=" " ind2=" ">
    <subfield code="0">0</subfield>
    <subfield code="1">0</subfield>
    <subfield code="2">ddc</subfield>
    <subfield code="4">0</subfield>
    <subfield code="7">0</subfield>
    <subfield code="8">MBA</subfield>
    <subfield code="a">PIET</subfield>
    <subfield code="b">PIET</subfield>
    <subfield code="d">2007-08-23</subfield>
    <subfield code="e">J B C, New Delhi</subfield>
    <subfield code="g">175.00</subfield>
    <subfield code="k">721</subfield>
    <subfield code="l">2</subfield>
    <subfield code="o">381.142 MIE</subfield>
    <subfield code="p">7358</subfield>
    <subfield code="r">2024-02-14 00:00:00</subfield>
    <subfield code="s">2024-02-02</subfield>
    <subfield code="w">2007-07-30</subfield>
    <subfield code="y">BK</subfield>
  </datafield>
</record>
